| 000 | 00611nam a22002177a 4500 | ||
|---|---|---|---|
| 005 | 20250430080832.0 | ||
| 008 | 250430b |||||||| |||| 00| 0 eng d | ||
| 020 | _a978-0-385-73876-7 | ||
| 082 | _aFic. D229 2010 | ||
| 100 | _aDashner, James | ||
| 245 |
_aThe scorch trials / _cJames Dashner |
||
| 260 |
_aNew York: _bDelacorte Press, _cc2010 |
||
| 300 | _a[377]p. | ||
| 490 |
_aMaze runner series; _vno. 2 |
||
| 541 | _e7828 | ||
| 650 | _aSurvival - Fiction | ||
| 650 | _aScience - Fiction | ||
| 650 | _aDystopian fiction | ||
| 650 | _aSolar flares - Fiction | ||
| 650 | _aScience - Experiments - Fiction | ||
| 999 |
_c2442 _d2442 |
||